| 000 | 00497nam a2200181 a 4500 | ||
|---|---|---|---|
| 005 | 20140310183300.0 | ||
| 008 | 041206s19uu xx 00 eng d | ||
| 050 |
_aRM 871 _b.F733 1992 |
||
| 100 | _aForster, Angela | ||
| 245 |
_aClayton's electrotheraphy: _btheory and practice. |
||
| 300 |
_a248 p. : _bill. ; _c21 cm. |
||
| 521 | _aNUR | ||
| 650 |
_aElectrotherapeutics _xPlotothepy. |
||
| 650 | _aHuman mechanics. | ||
| 700 | _aPalastanga, Nigel | ||
| 942 |
_cBK _2lcc _kFOR |
||
| 999 |
_c20955 _d20955 |
||